| 000 | 01126cam a2200301 4500 | ||
|---|---|---|---|
| 999 |
_c331904 _d331904 |
||
| 001 | 4582944 | ||
| 003 | NUST | ||
| 005 | 20171101141819.0 | ||
| 008 | 720323s1972 nyua b 001 0 eng | ||
| 010 | _a 75172262 | ||
| 020 | _a0070416753 | ||
| 020 | _a0070416761 (Solutions manual) | ||
| 040 |
_aDLC _cDLC _dDLC |
||
| 050 | 0 | 0 |
_aTD645 _b.M57 |
| 082 | 0 | 0 | _a628.3 EDD |
| 110 | 2 |
_aMetcalf & Eddy. _95817 |
|
| 245 | 1 | 0 |
_aWastewater engineering: collection, treatment, disposal _c[by] Metcalf & Eddy, inc. |
| 260 |
_aNew York, _bMcGraw-Hill _c[1972] |
||
| 300 |
_axiii, 782 p. _billus. _c23 cm. |
||
| 490 | 0 | _aMcGraw-Hill series in water resources and environmental engineering | |
| 500 | _aAccompanied by "Solutions manual, prepared by George Tchobanoglous" (102 p. illus. 23 cm.) published: New York, McGraw-Hill [1972]. | ||
| 501 | _aH.B | ||
| 504 | _aIncludes bibliographies. | ||
| 650 | 0 |
_aSewerage. _95193 |
|
| 650 | 0 |
_aSewage disposal. _9392 |
|
| 700 | 1 |
_aTchobanoglous, George. _94906 |
|
| 906 |
_a7 _bcbc _corignew _d2 _encip _f19 _gy-gencatlg |
||
| 942 |
_2ddc _cBK _kIESE |
||